000
00334nam a2200145Ia 4500
005
20251222175922.0
008
251222s9999||||xx |||||||||||||| ||spa||
020
_a
8434808358
082
_a
823.91/T77
100
_a
Townsend, John R.
245
0
_a
El Castillo de NoƩ
250
_a
4ta.ed.
264
_b
Ediciones SM
942
_c
LIB
999
_c
40719
_d
40719